Calypso log (Registro nro. 16789)

Detalles MARC
000 -CABECERA
Campo de control 00212as aa2200097a 44500
090 ## - CLASIFICACIÓN LOCAL
Colección SERIADAS
Consecutivo 01266
041 0# - IDIOMA
Código de idioma para texto/pista de sonido o título separado
245 10 - MENCION DE TITULO
Título Calypso log
260 ## - PUBLICACION, DISTRIBUCION, ETC. (PIE DE IMPRENTA)
Nombre del editor, distribuidor, etc. Cousteau Society
Lugar de publicación, distribución, etc. Estados Unidos
942 ## - ELEMENTOS ADICIONALES (KOHA)
Tipo de ítem Periodica o revista
Existencias
Withdrawn status Lost status Damaged status No para préstamo Colección Fecha publicación (Año) Ubicación Permanente Ubicación actual Fecha de adquisición Fuente de Valor Total Checkouts Número topográfico Inventario / Código de Barras Date last seen Ejemplar Price effective from Forma de adquisición Tipo de material
        Hemeroteca 1994 Villa de Leyva Villa de Leyva 19/03/2002 Desconocido   SERIADAS 01266 009895 25/03/2015 1 25/03/2015   Periodica o revista